01234 2200313 4500001002100000005001500021035002000036007000300056008004100059040002200100082001500122084001700137090001900154100005000173245022900223300005600452650003600508700002800544700002800572700002200600700002600622700005100648850001200699264011700711336002100828337003000849338002300879990001800902INLIS00000000086185120210702014526 a0010-0721000086ta210702n xx c g f u 0 0 ind d aYOPDYOGbinderda04223a352.24 a352.24 PER r aL 352.24 PER r3 aPerangin-angin Bangun Mulia, TridahePenyusun1 aRepublik Indonesia empat puluh lima tahun :bsusunan dan program kabinet-kabinet 1945-1988 /cpenyusun, Tridah Perangin-angin Bangun Mulia, T. Sembiring, M. Karo-karo, Tarigan, Y. Ginting, Roberto Perangin-angin Bangun Mulia axii, 102 halaman :bilustrasi, foto, tabel ;c21 cm 4aKabinet Pemerintah--zIndonesia3 aSembiring, T.ePenyusun3 aKaro-karo, M.ePenyusun3 aTariganePenyusun3 aGinting, Y.ePenyusun3 aPerangin-angin Bangun Mulia, RobertoePenyusun aYOPDYOG a[tempat terbit tidak teridentifikasi] :b[penerbit tidak teridentifikasi],c[tahun terbit tidak teridentifikasi] 2rdacontentateks 2rdamediaatanpa perantara 2rdacarrieravolume a40794-PD/A.09